| 000 | 01039nam a2200205 a 4500 | ||
|---|---|---|---|
| 008 | 060316s1983 ||||||||||||||||| || u | ||
| 020 | _a0582406080 | ||
| 050 | _aTH 8251 Tho | ||
| 100 | _aThompson, Stanley J | ||
| 245 | 1 | 0 | _aGlazing |
| 260 |
_aLondon ;New York : _bConstruction Press _c1983 |
||
| 300 | _axii, 124 p. : ill. | ||
| 350 | _a0.00 | ||
| 490 | _aSite practice series | ||
| 650 | _aGALAZING | ||
| 995 |
_aMAIN LIBRARY OPEN ACCESS _D0.00 _e016800 _FCBU-MAIN LIBRARY (Kitwe) _H4 _I6.95 _jTH 8251 Tho _UAVAILABLE _y016800 _ZMain Library Open Access Collection |
||
| 995 |
_aMAIN LIBRARY OPEN ACCESS _D0.00 _e708811 _FCBU-MAIN LIBRARY (Kitwe) _H3 _I6.95 _jTH 8251 Tho _UAVAILABLE _y017116 _ZMain Library Open Access Collection |
||
| 995 |
_aMAIN LIBRARY OPEN ACCESS _D0.00 _e708812 _FCBU-MAIN LIBRARY (Kitwe) _H2 _I6.95 _jTH 8251 Tho _UAVAILABLE _y017117 _ZMain Library Open Access Collection |
||
| 995 |
_aMAIN LIBRARY OPEN ACCESS _D0.00 _e017118 _FCBU-MAIN LIBRARY (Kitwe) _H1 _I6.95 _jTH 8251 Tho _UAVAILABLE _y017118 _ZMain Library Open Access Collection |
||
| 999 |
_c75911 _d75911 |
||